| 000 | 00889cad a22002175a 4500 | ||
|---|---|---|---|
| 001 | E147419 | ||
| 008 | 090511s2009 xxkad f s 000 0 eng d | ||
| 035 | _a(Sirsi) u147419 | ||
| 041 | 0 | _aeng | |
| 050 | 0 | 4 | _a333.33 $2 18 |
| 110 | 2 |
_aLambert Smith Hampton _92865 |
|
| 245 | 0 | 0 |
_aUKIT quarterly bulletin 2009 Q1 _h[electronic resource] |
| 260 |
_a[London] _bLSH _c2009 |
||
| 490 | 0 |
_aUK Investment Transactions (UKIT) _vFirst Quarter 2009 |
|
| 520 | _aReports that property transaction yields have risen sharply in 1Q 2009, with yields now standing at 7.84%, meaning that the market is cheaper now than at any time since the start of the decade. | ||
| 590 | _aKA | ||
| 651 | 4 |
_aUnited Kingdom _y |
|
| 690 | _aPROPERTY-COMMERCIAL PROPERTY-COMMERCIAL PROPERTY FINANCE AND INVESTMENT | ||
| 856 | 4 | 0 |
_uhttps://www.lsh.co.uk/ _zView the item free of charge at www.lsh.co.uk... |
| 942 | _n0 | ||
| 999 |
_c109549 _d109549 |
||